000 01047nam a22003137a 4500
003 CHAP
005 20220817042151.0
008 971013s r 00010 d
010 _a36520
011 _a37492
035 _a41612
040 _cCHAP
090 _aFolleto 4027
110 _aMéxico. Dirección General de Agricultura
245 _aMetas indicativas de producción de las principales oleaginosas
_b: primavera-verano 1973-73
260 _a(s.l. :
_bs.e.),
_c(s.a.)
300 _as.p.
_b; mapas
590 _aBATCH-UPD
_b10
_c20130110
_lUCH01
_h1235
590 _aBATCH-UPD
_b10
_c20130410
_lUCH01
_h0803
590 _aBATCH-UPD
_b10
_c20130914
_lUCH01
_h1927
590 _aCONVERSION
_b10
_c20130109
_lUCH01
_h1320
650 1 4 _aPolítica agrícola
_zMéxico.
650 1 4 _aSemillas oleaginosas
_xEstadísticas.
_9103947
650 1 4 _aSemillas oleaginosas
_xMercadeo.
_9103950
650 1 4 _aSemillas oleaginosas
_xRendimiento.
_9103954
901 _aBK
942 _cFOLL
949 _aFolleto 4027
_bBC
_cFOLL
_d-95555
_eTS1
_i41612
_mD
_si
999 _c36520
_d36520